| 000 | 00728nam a22002177a 4500 | ||
|---|---|---|---|
| 003 | 0 | ||
| 005 | 20250930161040.0 | ||
| 008 | 250930b xxu||||| |||| 00| 0 eng d | ||
| 020 | _a978-1-032-47191-4 | ||
| 050 |
_aBF 209 _b.V46 2024 |
||
| 100 |
_aVenn, Jonathan, _eauthor. |
||
| 245 |
_aCrime and psychology : _bfoundations of forensic practice / _cJonathan Venn. |
||
| 260 |
_aNew York, NY : _bRoutledge, _c2024. |
||
| 300 |
_axxxix, 421 pages : _billustrations ; _c23 cm. |
||
| 504 | _aIncludes bibliographical references and index. | ||
| 650 | _aForensic psychology. | ||
| 650 | _aCriminal psychology. | ||
| 650 |
_aCrime _xPsychological aspects. |
||
| 650 |
_aCriminal behavior _xPsychological aspects. |
||
| 942 |
_2lcc _cBK |
||
| 999 |
_c368163 _d368163 |
||